[Event "Wch U08 Girls blitz"]
[Site "Batumi"]
[Date "2023.06.10"]
[Round "5"]
[White "Sivanandan, Bodhana"]
[Black "Sharvaanica, AS."]
[Result "1-0"]
[WhiteElo "1884"]
[BlackElo "1125"]
[PlyCount "101"]
[EventDate "2023.06.10"]
[EventType "swiss (blitz)"]
[EventRounds "11"]
[EventCountry "GEO"]
[SourceTitle "EXT 2024"]
[Source "ChessBase"]
[SourceDate "2023.10.10"]
[SourceVersion "1"]
[SourceVersionDate "2023.10.10"]
[SourceQuality "1"]
[WhiteTeam "England"]
[BlackTeam "Indien"]
[WhiteTeamCountry "ENG"]
[BlackTeamCountry "IND"]

1. e4 c6 2. Nc3 d5 3. Nf3 dxe4 4. Nxe4 Nd7 5. Ng1 Nb8 6. Nf3 Nd7 7. Bc4 Ngf6 8. Neg5 e6 9. Qe2 Nd5 10. d4 Be7 11. Ne4 N7b6 12. Bb3 Qc7 13. 0-0 0-0 14. c4 Nf4 15. Bxf4 Qxf4 16. Rad1 a5 17. Bc2 a4 18. Nc3 a3 19. b3 Rd8 20. Qe3 Qf6 21. Ne4 Qg6 22. Ne5 Qh5 23. Ng3 Qg5 24. f4 Qf6 25. Ng4 Qh4 26. Ne5 Nd7 27. Nxd7 Rxd7 28. Ne4 Qh6 29. Qf3 b6 30. Ng3 Bb7 31. Be4 Rad8 32. Ne2 Bf6 33. Bxc6 Bxc6 34. Qxc6 Qg6 35. Rd2 Rd6 36. Qb7 Qf5 37. Rfd1 Bh4 38. Qf3 Qa5 39. g3 Bf6 40. Kg2 Qa7 41. d5 e5 42. fxe5 Bxe5 43. Nd4 Qc7 44. Nb5 Qe7 45. Nxd6 Rxd6 46. b4 Rd8 47. d6 Bxd6 48. Rxd6 Rxd6 49. Qa8+ Rd8 50. Rxd8+ Qf8 51. Rxf8# 1-0

[Event "Wch U08 Girls rapid"]
[Site "Batumi"]
[Date "2023.06.08"]
[Round "9"]
[White "Khusnitdinova, Husnorakhon"]
[Black "Sharvaanica, AS."]
[Result "0-1"]
[WhiteElo "1094"]
[BlackElo "1130"]
[PlyCount "94"]
[EventDate "2023.06.06"]
[EventType "swiss (rapid)"]
[EventRounds "11"]
[EventCountry "GEO"]
[SourceTitle "EXT 2024"]
[Source "ChessBase"]
[SourceDate "2023.10.10"]
[SourceVersion "1"]
[SourceVersionDate "2023.10.10"]
[SourceQuality "1"]
[WhiteTeam "Uzbekistan"]
[BlackTeam "Indien"]
[WhiteTeamCountry "UZB"]
[BlackTeamCountry "IND"]

1. d4 d5 2. Nc3 Nf6 3. Bf4 Bf5 4. f3 e6 5. g4 Bg6 6. h4 h6 7. e3 Bd6 8. Nh3 Nfd7 9. Bd3 Qxh4+ 10. Ke2 Bxd3+ 11. Qxd3 Qe7 12. Nb5 Bxf4 13. Nxf4 Nb6 14. g5 a6 15. gxh6 gxh6 16. Nc3 Nc6 17. Rag1 0-0-0 18. Rg7 Nb4 19. Qd2 Nc4 20. Qc1 Qf8 21. Rhg1 h5 22. a3 Nc6 23. R7g5 h4 24. Rh1 Qe7 25. Rg4 Rdg8 26. Rxg8+ Rxg8 27. Rh3 Qg5 28. b3 Nd6 29. Kd3 Nf5 30. Nce2 Qf6 31. c3 Na5 32. b4 Nc4 33. e4 Nfe3 34. Qh1 Rh8 35. Qg1 b5 36. Qa1 Qg5 37. Qa2 Ng2 38. Nxg2 Qxg2 39. exd5 Qxh3 40. Ng1 Qg3 41. Qa1 Qg6+ 42. Ke2 Qc2+ 43. Ke1 exd5 44. Kf1 Re8 45. f4 Ne3+ 46. Ke1 Ng4+ 47. Kf1 Qf2# 0-1

[Event "Wch U08 Girls rapid"]
[Site "Batumi"]
[Date "2023.06.08"]
[Round "11"]
[White "Sharvaanica, AS."]
[Black "Rekhviashvili, Mariam"]
[Result "1-0"]
[WhiteElo "1130"]
[BlackElo "1224"]
[PlyCount "137"]
[EventDate "2023.06.06"]
[EventType "swiss (rapid)"]
[EventRounds "11"]
[EventCountry "GEO"]
[SourceTitle "EXT 2024"]
[Source "ChessBase"]
[SourceDate "2023.10.10"]
[SourceVersion "1"]
[SourceVersionDate "2023.10.10"]
[SourceQuality "1"]
[WhiteTeam "Indien"]
[BlackTeam "Georgia"]
[WhiteTeamCountry "IND"]
[BlackTeamCountry "GEO"]

1. d4 d5 2. c4 e6 3. Nf3 Nf6 4. g3 Be7 5. Bg2 0-0 6. 0-0 Nbd7 7. Nc3 b6 8. cxd5 exd5 9. Bf4 Bb7 10. Rc1 c5 11. Qc2 Rc8 12. Rfd1 Ne4 13. Qb1 Ndf6 14. Bh3 Ra8 15. Nb5 Nd6 16. Nc3 a6 17. Bg2 Nde4 18. Ne5 cxd4 19. Nxe4 Nxe4 20. Nf3 a5 21. Bc7 Qd7 22. Bxb6 Rac8 23. Bxd4 h6 24. Ne5 Qe6 25. Nf3 Ba6 26. Re1 Bg5 27. Nxg5 Nxg5 28. Be3 Ne4 29. Rcd1 Rfd8 30. h4 Bb7 31. Kh2 Qf6 32. Bd4 Qe6 33. Bh3 f5 34. f3 Nf6 35. Bxf5 Qd6 36. Bxc8 Rxc8 37. Qf5 Qe7 38. Bxf6 Qxf6 39. Qxf6 gxf6 40. Rd2 Rd8 41. Red1 Kf7 42. Rd4 Ke7 43. e4 Rc8 44. exd5 Rc2+ 45. R1d2 Rxd2+ 46. Rxd2 Kd6 47. Kh3 Bxd5 48. Kg4 Ke6 49. Rxd5 Kxd5 50. Kf5 Kd4 51. Kxf6 Ke3 52. f4 Kf3 53. f5 Kxg3 54. Kg6 Kxh4 55. Kxh6 Kg4 56. f6 Kf5 57. f7 Ke6 58. f8Q Kd5 59. Qa8+ Kd4 60. Qxa5 Ke4 61. b4 Kd4 62. b5 Kd3 63. b6 Kc2 64. b7 Kd3 65. b8Q Kd4 66. Qd6+ Ke4 67. Qae5+ Kf3 68. Qd3+ Kg4 69. Qdg3# 1-0

[Event "Wch U08 Girls rapid"]
[Site "Batumi"]
[Date "2023.06.08"]
[Round "8"]
[White "Sharvaanica, AS."]
[Black "Sobirova, Mumtozbegim"]
[Result "0-1"]
[WhiteElo "1130"]
[BlackElo "1013"]
[PlyCount "123"]
[EventDate "2023.06.06"]
[EventType "swiss (rapid)"]
[EventRounds "11"]
[EventCountry "GEO"]
[SourceTitle "EXT 2024"]
[Source "ChessBase"]
[SourceDate "2023.10.10"]
[SourceVersion "1"]
[SourceVersionDate "2023.10.10"]
[SourceQuality "1"]
[WhiteTeam "Indien"]
[BlackTeam "Uzbekistan"]
[WhiteTeamCountry "IND"]
[BlackTeamCountry "UZB"]

1. d4 Nf6 2. c4 e6 3. g3 d5 4. Bg2 b6 5. cxd5 exd5 6. Nc3 Bb7 7. Bg5 Be7 8. Nf3 0-0 9. 0-0 Nbd7 10. Rc1 c5 11. Qc2 Rc8 12. Rfd1 cxd4 13. Nxd4 Nc5 14. Bh3 Ra8 15. Nf5 Ne6 16. Nxe7+ Qxe7 17. Nxd5 Bxd5 18. Rxd5 Nxg5 19. Rxg5 h6 20. Rb5 Rfe8 21. e3 Rad8 22. Rb3 Rd6 23. Rc3 Rdd8 24. Rc7 Qd6 25. Qb3 Rf8 26. Bg2 Qd2 27. Bf3 Qa5 28. R1c2 Qe1+ 29. Kg2 Rd2 30. Rxd2 Qxd2 31. Rxa7 g5 32. Qxb6 Kg7 33. Ra6 Ng8 34. Qd4+ Qxd4 35. exd4 Nf6 36. d5 g4 37. Be2 Nxd5 38. Bxg4 Nb4 39. Ra4 Nd3 40. b3 f5 41. Bf3 Ne1+ 42. Kf1 Nxf3 43. Ke2 Nd4+ 44. Ke3 Ne6 45. b4 Re8 46. Kf3 Nd4+ 47. Kg2 Nb5 48. Ra5 Rb8 49. a4 Nc3 50. Rxf5 Nxa4 51. Rf4 Nb6 52. h4 Nd5 53. Rg4+ Kf6 54. h5 Nxb4 55. Rg6+ Kf5 56. Rxh6 Kg5 57. Rh7 Nd3 58. Rd7 Ne1+ 59. Kf1 Nf3 60. Kg2 Ne1+ 61. Kf1 Nf3 62. Kg2 0-1